000 00491nam a2200181Ia 4500
001 18972
005 20260306171709.0
008 260306s9999||||xx |||||||||||||| ||und||
041 _aESP
082 _a658.575
_bS29
100 _aSchnarch Kirberg, Alejandro
_eAUT
245 0 _aDesarrollo de nuevos productos:
_bcómo crear y lanzar con éxito nuevos productos y servicios al mercado
260 _c2005
300 _a
_c
650 _aGEN
654 _aCAN
942 _cLIB
_dJUS
_fJUS
_2ddc
_n
999 _c18972
_d18972